| 000 | 02110cam a2200397 i 4500 | ||
|---|---|---|---|
| 001 | 19163361 | ||
| 003 | NUST | ||
| 005 | 20221019144312.0 | ||
| 008 | 160705s2016 nyu 000 1 eng | ||
| 010 | _a 2016030436 | ||
| 020 | _a9780143111580 (hardback) | ||
| 038 | _aAzhar | ||
| 040 |
_aDLC _beng _cDLC _erda |
||
| 042 | _apcc | ||
| 050 | 0 | 0 |
_aPS3558.E63 _bD8 2016 |
| 082 | 0 | 0 |
_a813.54 _223 _bHER |
| 084 |
_aFIC028020 _aFIC004000 _aFIC019000 _2bisacsh |
||
| 100 | 1 |
_aHerbert, Frank, _eauthor. _9100831 |
|
| 245 | 1 | 0 |
_aDune _cFrank Herbert ; series introduction by Neil Gaiman. |
| 260 |
_aNew York : _bPenguin Books, _c2016. |
||
| 300 |
_axxii, 694 pages ; _c22 cm. |
||
| 336 |
_atext _btxt _2rdacontent |
||
| 337 |
_aunmediated _bn _2rdamedia |
||
| 338 |
_avolume _bnc _2rdacarrier |
||
| 490 | 0 | _aPenguin galaxy | |
| 520 |
_a"Science fiction's supreme masterpiece, Dune will be forever considered a triumph of the imagination. Set on the desert planet Arrakis, it is the story of the boy Paul Atreides, who will become the mysterious man known as Muad'Dib. Paul's noble family is named stewards of Arrakis, whose sands are the only source of a powerful drug called "the spice." After his family is brought down in a traitorous plot, Paul must go undercover to seek revenge, and to bring to fruition humankind's most ancient and unattainable dream. A stunning blend of adventure and mysticism, environmentalism and politics, Dune won the first Nebula Award, shared the Hugo Award, and formed the basis of what is undoubtedly the grandest epic in science fiction. "-- _cProvided by publisher. |
||
| 563 | _aHB | ||
| 650 | 7 |
_aFICTION / Science Fiction / High Tech. _2bisacsh _9100832 |
|
| 650 | 7 |
_aFICTION / Classics. _2bisacsh _9100833 |
|
| 650 | 7 |
_aFICTION / Literary. _2bisacsh _9439 |
|
| 655 | 7 |
_aScience fiction. _2gsafd |
|
| 700 | 1 |
_aGaiman, Neil, _ewriter of introduction. _98006 |
|
| 906 |
_a7 _bcbc _corignew _d1 _eecip _f20 _gy-gencatlg |
||
| 942 |
_2ddc _cLC |
||
| 999 |
_c591954 _d591954 |
||